CATOLICISMO: ASPECTOS SOCIALES DEL DOGMA /

TRADUCCION DE: CATHOLICISME

Guardado en:
Bibliografiske detaljer
Hovedforfatter: Lubac, Henri de (autor)
Format: Bog
Serier:ECCLESIA; 5
Fag:
Tags: Tilføj Tag
Ingen Tags, Vær først til at tagge denne postø!

MARC

LEADER 00000nam^a2200000^a^4500
001 000230114
005 20250521000000.0
009 20260310104426.279
035 |a 051403 
037 |a Acervo Xavier Clavigero 
082 |a 262. 72 LUB 
100 |a Lubac, Henri de  |e (autor) 
245 1 0 |a CATOLICISMO:  |b ASPECTOS SOCIALES DEL DOGMA /  |c HENRI DE LUBAC; TR. JUAN COSTA 
264 |a BARCELONA :  |b ESTELA,  |c 1963 
300 |a 370p. 
336 |a texto  |b txt  |2 rdacontenido 
337 |a sin mediación  |b n  |2 rdamedio 
338 |a volumen  |b nc  |2 rdasoporte 
440 |a ECCLESIA;  |v 5 
520 |a TRADUCCION DE: CATHOLICISME 
520 |a INDICE 
649 |a XX 
650 |a Catolicismo 
650 |a Dogma 
650 |a SOCIOLOGIA CRISTIANA. 
910 |a Fondo General 
920 |a Impresos - Libros 
930 |a Colección General 
905 |a 101 
901 |a 051403  |b IT1  |c ACC  |i 051403  |u 20250521 
902 |a https://opac.biblio.iteso.mx/vufind/Record/000230114